Creemos, la dimensión eclesial de la fe : (Record n. 13212)

Dettagli MARC
000 -LEADER
fixed length control field 01186nam a2200289 i 4500
003 - CONTROL NUMBER IDENTIFIER
control field IT-RoINE
005 - DATE AND TIME OF LATEST TRANSACTION
control field 20161013085355.0
008 - FIXED-LENGTH DATA ELEMENTS--GENERAL INFORMATION
fixed length control field 150609s2015 sp |r|||| 100 | spa d
020 ## - INTERNATIONAL STANDARD BOOK NUMBER
International Standard Book Number 9788416066308
040 ## - CATALOGING SOURCE
Original cataloging agency SpMaBN
Transcribing agency SpMaBN
Modifying agency IT-RoINE
111 2# - MAIN ENTRY--MEETING NAME
Meeting name or jurisdiction name as entry element Jornadas de Teología
Number of part/section/meeting (45ª.
Date of meeting 2013.
Location of meeting Ávila, España)
9 (RLIN) 26833
245 10 - TITLE STATEMENT
Title Creemos, la dimensión eclesial de la fe :
Remainder of title Jornadas de Teología 2013 /
Statement of responsibility, etc Gaspar Hernández Peludo (coord.)
260 ## - PUBLICATION, DISTRIBUTION, ETC. (IMPRINT)
Place of publication, distribution, etc Salamanca :
Name of publisher, distributor, etc Publicaciones Universidad Pontificia,
Date of publication, distribution, etc 2015.
300 ## - PHYSICAL DESCRIPTION
Extent 150 p. ;
Dimensions 24 cm.
336 ## - CONTENT TYPE
Content type term Texto (visual)
Source isbdcontent
337 ## - MEDIA TYPE
Source rdamedia
Media type term unmediated
338 ## - CARRIER TYPE
Source rdacarrier
Carrier type term volume
490 1# - SERIES STATEMENT
Series statement Bibliotheca Salmanticensis.
-- Estudios ;
Volume number/sequential designation 353
490 1# - SERIES STATEMENT
Series statement Jornadas y congresos ;
Volume number/sequential designation 26
504 ## - BIBLIOGRAPHY, ETC. NOTE
Bibliography, etc Incluye referencias bibliográficas
650 #4 - SUBJECT ADDED ENTRY--TOPICAL TERM
Topical term or geographic name as entry element Fe
Form subdivision Congresos
9 (RLIN) 3642
700 1# - ADDED ENTRY--PERSONAL NAME
Personal name Hernández Peludo, Gaspar
9 (RLIN) 3255
710 2# - ADDED ENTRY--CORPORATE NAME
9 (RLIN) 4347
Corporate name or jurisdiction name as entry element Universidad Pontificia de Salamanca (España).
Subordinate unit Facultad de Teología
830 #0 - SERIES ADDED ENTRY--UNIFORM TITLE
9 (RLIN) 3087
Uniform title Bibliotheca Salmanticensis.
Name of part/section of a work Estudios ;
Volume number/sequential designation 353
830 #0 - SERIES ADDED ENTRY--UNIFORM TITLE
9 (RLIN) 26423
Uniform title Jornadas y congresos (Universidad Pontificia de Salamanca. Facultad de Teología) ;
Volume number/sequential designation 26
942 ## - ADDED ENTRY ELEMENTS (KOHA)
Item type Monografías
Dati di copia
Withdrawn status Lost status Damaged status Not for loan Home library Current library Date acquired Total Checkouts Full call number Barcode Date last seen Price effective from Koha item type
        Iglesia Nacional Española en Roma Iglesia Nacional Española en Roma 13/10/2016   COL.A 40.353 29578 13/10/2016 13/10/2016 Monografías